Esercizi di analisi infinitesimale / (Record no. 141219)

MARC details
000 -LEADER
campo de control de longitud fija 00409nam a2200145 i 4500
001 - NÚMERO DE CONTROL
campo de control 141219
003 - IDENTIFICADOR DE NÚMERO DE CONTROL
campo de control ES-MaACL
007 - CAMPO FIJO DE DESCRIPCIÓN FÍSICA--INFORMACIÓN GENERAL
campo de control de longitud fija t|
008 - DATOS DE LONGITUD FIJA--INFORMACIÓN GENERAL
campo de control de longitud fija 070920s1935 it ||||1| ita d
100 1# - ENTRADA PRINCIPAL--NOMBRE DE PERSONA
Nombre de persona Vivanti, Giulio.
9 (RLIN) 115549
245 10 - MENCIÓN DEL TÍTULO
Título Esercizi di analisi infinitesimale /
Mención de responsabilidad, etc. Giulio Vivanti.
260 ## - PUBLICACIÓN, DISTRIBUCIÓN, ETC.
Lugar de publicación, distribución, etc. Torino :
Nombre del editor, distribuidor, etc. [s.n.],
Fecha de publicación, distribución, etc. 1935 (
Fabricante Tip. Vincenzo Bona)
300 ## - DESCRIPCIÓN FÍSICA
Extensión 404 p. ;
Dimensiones 25 cm.
852 ## - LOCALIZACIÓN
Ubicación ES-MaACL
Número de control de estantería B-9204
Holdings
Estatus retirado Estado de pérdida Estado de daño No para préstamo Biblioteca de origen Biblioteca actual Ubicación en estantería Fecha de adquisición Fuente de adquisición Total de préstamos Signatura topográfica completa Código de barras Visto por última vez Precio de reemplazo Tipo de ítem Koha
        Biblioteca del Ateneo de Madrid Biblioteca del Ateneo de Madrid Sala Pardo Bazán 17/01/2008     B-9204 1146942 23/02/2023 23/02/2023 Libro impreso